000 00194 a2200097 4500
001 41210
100 _aPoole, S
245 _aHistory of Egypt
260 _a
_bS M Mir
_c
090 _c25431
_d25431
942 _aNUST-CAE
_cM
_c17149
999 _c276283
_d276283